00413nam a2200133Ia 4500008004100000020001500041041000800056082001700064100004800081245009500129260003300224300001300257650000900270210716s1985 xx 000 0 und d a0394250596 aeng a174.915 KEIP aKeith- Spiegel, Patricia;Koocher, Gerald P. aEthics in Psychology: professional standards and cases.bProfessional standards and cases. aNew YorkbRandom Housec1985 axvii,494 aNone